000 00282nam a2200121Ia 4500
008 190216s9999||||xx |||||||||||||| ||und||
100 _aIan Watt
245 4 _aThe Rise Of The Novel
260 _bPenguin Books
_c1957
300 _a334p
650 _aEnglish Literature
942 _cBK
999 _c11861
_d11861